000 00323nam a22001217a 4500
008 160421b xxu||||| |||| 00| 0 eng d
020 _a9780135128374
020 _a0135128374
041 _aeng
080 _a618.2
245 _aSkills in clinical nursing;
_cAudrey Berman; Shirlee Snyder;Christina Jackson;
942 _2udc
_cBK
999 _c1495
_d1495